Artificial neural networks for modelling and control of non-linear systems

Saved in:
Bibliographic Details
Main Author: Suykens, Johan A. K.
Other Authors: Vandewalle, J. (Joos), 1948-, Moor, Bart L. R. de, 1960-
Format: Book
Language:English
Published: Boston : Kluwer Academic Publishers, c1996.
Subjects:
Tags: Add Tag
No Tags, Be the first to tag this record!

MARC

LEADER 00000cam a2200000 i 4500
001 1/16428
008 010129s1996 mau| ||| |||| ||eng||
020 |a 0792396782 
035 |l 10065769 
040 |a GR-MyUa  |b gre  |e AACR2 
041 0 |a eng 
082 7 |a 006.75028563   |2 (22) 
100 1 |a Suykens, Johan A. K. 
245 1 0 |a Artificial neural networks for modelling and control of non-linear systems /   |c Johan A.K. Suykens, Joos P.L. Vandewalle, Bart L.R. De Moor. 
260 |a Boston :   |b Kluwer Academic Publishers,   |c c1996. 
300 |a xii, 235 σ :   |b εικ. ;   |c 24 εκ. 
504 |a Περιλαμβάνει βιβλιογραφικές παραπομπές και ευρετήριο. 
650 0 |a Neural networks (Computer science) 
650 0 |a Nonlinear systems. 
700 1 |a Vandewalle, J.   |q (Joos),   |d 1948- 
700 1 |a Moor, Bart L. R. de,   |d 1960- 
852 |a INST  |b SAMOS  |e 20010129  |h 003.75028563 SUY  |p 005300022109  |q 005300022109  |t BK  |y 0 
901 |a BIBL3-2001-1 
922 |a 3ΕΛΗ  |b 200012  |c ΚΠΣ  |d ΜΙΧΑΛΟΠΟΥΛΟΣ 
950 |a 116-1999-12-28 
970 |a ΠΟΥΡΝΑΡΑΣ  |b ΔΗΜΗΤΡΗΣ  |z 2001/02/02